Electronic Journal of Knowledge Management EJKM

Bibliographic Details
Format: Journal
Language:English
Published: Sonning Common, UK : Academic Conferences International Limited, 2003-
Subjects:
Online Access:http://www.vlex.com/source/7305

MARC

LEADER 00000nas a22000007a 4500
005 20130308132106.0
007 cr|||| ||||
008 130308c20039999xxkqr|p s|||| 0|||a eng d
035 |a 7305 
040 |a vLex 
090 |c 3877  |d 3877 
245 0 0 |a Electronic Journal of Knowledge Management  |b EJKM  |h [Recurso electrn̤ico] 
256 |a Servicio en ln̕ea 
260 |a Sonning Common, UK :  |b Academic Conferences International Limited,   |c 2003- 
300 |a 1 Recurso electrn̤ico 
506 |d vLex Global  |d vLex Global (Academic Edition, excluding Law Schools)  |d vLex Global (U.S. Academic Edition, Law Schools)  |d vLex Global (U.S. Academic Edition, excluding Law Schools)  |d vLex Global (Academic Edition, Law Schools) 
650 0 4 |a Administracin̤ (Management)  |v Revistas 
650 0 4 |a Gestin̤ del conocimiento  |v Revistas 
650 0 4 |a Gestin̤ documental  |v Revistas 
650 0 4 |a Empresa  |v Revistas 
740 |a vLex Revistas (Servicio en ln̕ea) 
856 |a Acceso restringido  |u http://www.vlex.com/source/7305 
942 |c REV 
999 0 |a Management